000 01358nam a2200325 i 4500
003 EG-GICUC
005 20260121101452.0
008 251211s1998 ua ||||fr|||| 000 0 ara d
017 _a1990/9630
040 _a EG-GICUC
_bara
_c EG-GICUC
_d EG-GICUC
_erda
041 0 _aara
082 0 4 _221
_a257.1
_bم ح . م
092 0 4 _221
099 _aLaw1 01 257.1 م ح . م 1998
100 0 _aمحمد محمد فرحات
_eمؤلف.
245 1 2 _aالمبادئ العامة في النظام السياسي الاسلامي :
_bقواعده الاساسية ومصادره والسلطات العامة فيه، دراسة مقارنة بالنظم المعاصرة /
_cالدكتور محمد محمد اسماعيل فرحات.
250 _aالطبعة الثانية.
264 1 _aالقاهرة :
_bدار النهضة العربية،
_c1998.
300 _a446 صفحة، صفحات غير مرقمة ؛
_c24 سم.
336 _2rda content
_atext
337 _2rda media
_aComputer
338 _2rda carrier
_aOnline Resource
504 _aيشتمل على ارجاعات ببليوجرافية.
546 _aالنص باللغة العربية
650 1 _aالنظام السياسي
_2qrmak
651 1 _2qrmak
856 4 0 _uhttps://fll.law.cu.edu.eg/fulltext/bks/B01-03202.pdf
905 _a62
_eYara
942 _2ddc
_n0
_cBK
_e21
999 _c49852
_d49852